Welcome to CU Library Online Public Access Catalogue (OPAC)

Marketing: (Record no. 4420)

MARC details
000 -LEADER
fixed length control field 00593nam a22001937a 4500
005 - DATE AND TIME OF LATEST TRANSACTION
control field 20250228113820.0
008 - FIXED-LENGTH DATA ELEMENTS--GENERAL INFORMATION
fixed length control field 250228b |||||||| |||| 00| 0 eng d
020 ## - INTERNATIONAL STANDARD BOOK NUMBER
International Standard Book Number 9780072461282
050 ## - LIBRARY OF CONGRESS CALL NUMBER
Classification number HF5415.1 BEA
100 ## - MAIN ENTRY--PERSONAL NAME
Personal name Bearden William O.
245 ## - TITLE STATEMENT
Title Marketing:
Remainder of title Principles & Perspectives/
Statement of responsibility, etc. William O. Bearden, Thomas N. Ingram & Raymond W. LaForge
250 ## - EDITION STATEMENT
Edition statement 3rd Ed.
260 ## - PUBLICATION, DISTRIBUTION, ETC.
Place of publication, distribution, etc. Boston
Name of publisher, distributor, etc. McGraw-Hill/Irwin
Date of publication, distribution, etc. 2001
300 ## - PHYSICAL DESCRIPTION
Extent xxxvii. 596p.
Other physical details ill. col.
Dimensions 28 cm
650 ## - SUBJECT ADDED ENTRY--TOPICAL TERM
Source of heading or term Marketing
700 ## - ADDED ENTRY--PERSONAL NAME
Personal name Ingram Thomas N.
700 ## - ADDED ENTRY--PERSONAL NAME
Personal name LaForge Raymond W.
942 ## - ADDED ENTRY ELEMENTS (KOHA)
Source of classification or shelving scheme Library of Congress Classification
Koha item type Books
Edition 3rd Ed.
Suppress in OPAC No
999 ## -
-- 4420
-- 4420
Holdings
Withdrawn status Lost status Source of classification or shelving scheme Damaged status Not for loan Collection Home library Current library Shelving location Date acquired Total checkouts Full call number Barcode Date last seen Copy number Price effective from Koha item type
    Library of Congress Classification     Non-fiction Business Library (Miotso) Business Library (Miotso) General stacks 02/28/2025   HF5415.1 BEA BSSM00001074 02/28/2025 1 02/28/2025 Books
    Library of Congress Classification     Non-fiction Business Library (Miotso) Business Library (Miotso) General stacks 02/28/2025   HF5415.1 BEA BSSM00001075 02/28/2025 2 02/28/2025 Books
    Library of Congress Classification     Non-fiction Business Library (Miotso) Business Library (Miotso) General stacks 02/28/2025   HF5415.1 BEA BSSM00001076 02/28/2025 3 02/28/2025 Books
    Library of Congress Classification     Non-fiction Business Library (Miotso) Business Library (Miotso) General stacks 02/28/2025   HF5415.1 BEA BSSM00001077 02/28/2025 4 02/28/2025 Books
    Library of Congress Classification     Non-fiction Business Library (Miotso) Business Library (Miotso) General stacks 02/28/2025   HF5415.1 BEA BSSM00001078 02/28/2025 5 02/28/2025 Books
    Library of Congress Classification     Non-fiction Business Library (Miotso) Business Library (Miotso) General stacks 02/28/2025   HF5415.1 BEA BSSM00001079 02/28/2025 6 02/28/2025 Books
© 2023-2024 Copyright: Central University Libraries. All Rights Reserved | Created by: Mahone Tech Office